UM Logo

Cambridge dictionary of American idioms. (Record no. 5591)

MARC details
000 -LEADER
fixed length control field 01077cam a2200289 a 4500
001 - CONTROL NUMBER
control field 13201268
005 - DATE AND TIME OF LATEST TRANSACTION
control field 20161112115342.0
008 - FIXED-LENGTH DATA ELEMENTS--GENERAL INFORMATION
fixed length control field 030516s2003 enka d 001 0 eng
010 ## - LIBRARY OF CONGRESS CONTROL NUMBER
LC control number 2003053233
020 ## - INTERNATIONAL STANDARD BOOK NUMBER
International Standard Book Number 052153271X (pbk.)
040 ## - CATALOGING SOURCE
Original cataloging agency DLC
Transcribing agency DLC
Modifying agency DLC
043 ## - GEOGRAPHIC AREA CODE
Geographic area code n-us---
050 00 - LIBRARY OF CONGRESS CALL NUMBER
Classification number PE2839
Item number .C36 2003
082 00 - DEWEY DECIMAL CLASSIFICATION NUMBER
Classification number DRef 423.1
Edition number 2003
Item number C14
245 00 - TITLE STATEMENT
Title Cambridge dictionary of American idioms.
260 ## - PUBLICATION, DISTRIBUTION, ETC. (IMPRINT)
Place of publication, distribution, etc. Cambridge, UK ;
-- New York, NY :
Name of publisher, distributor, etc. Cambridge University Press,
Date of publication, distribution, etc. c2003.
300 ## - PHYSICAL DESCRIPTION
Extent xiii, 498 pages :
Other physical details illustrations ;
Dimensions 22 cm.
504 ## - BIBLIOGRAPHY, ETC. NOTE
Bibliography, etc Includes index.
650 #0 - SUBJECT ADDED ENTRY--TOPICAL TERM
Topical term or geographic name as entry element English language
Geographic subdivision United States
General subdivision Idioms
Form subdivision Dictionaries.
650 #0 - SUBJECT ADDED ENTRY--TOPICAL TERM
Topical term or geographic name as entry element Americanisms
Form subdivision Dictionaries.
710 2# - ADDED ENTRY--CORPORATE NAME
Corporate name or jurisdiction name as entry element Cambridge University Press.
856 42 - ELECTRONIC LOCATION AND ACCESS
Materials specified Publisher description
Uniform Resource Identifier <a href="http://www.loc.gov/catdir/description/cam032/2003053233.html">http://www.loc.gov/catdir/description/cam032/2003053233.html</a>
365 ## - TRADE PRICE
Price amount 2795.00
Currency code Php
906 ## - LOCAL DATA ELEMENT F, LDF (RLIN)
a 7
b cbc
c orignew
d 1
e ocip
f 20
g y-gencatlg
942 ## - ADDED ENTRY ELEMENTS (KOHA)
Source of classification or shelving scheme Dewey Decimal Classification
Koha item type Reference
Holdings
Withdrawn status Lost status Source of classification or shelving scheme Damaged status Not for loan Collection code Home library Current library Date acquired Source of acquisition Total Checkouts Full call number Barcode Date last seen Price effective from Koha item type
    Dewey Decimal Classification     Reference UM Digos College - LIC UM Digos College - LIC 07/02/2004 Purchased   DRef 423.1 C14 2003 17374 05/15/2025 11/12/2016 Reference